Plus grandes villes d'Islande - Statistiques

Statistiques générales
  • Ce quiz a été pris 98 fois
  • Le résultat moyen est 3 sur 10
Statistiques - réponses
Population Pays % Correct
130,345 Reykjavík
100%
18,191 Akureyri
46%
33,205 Kópavogur
20%
6,699 Akranes
19%
15,379 Reykjanesbær
16%
14,453 Garðabær
13%
27,357 Hafnarfjörður
13%
9,075 Mosfellsbær
10%
7,889 Árborg
8%
4,675 Fjarðabyggð
5%
Aucun quiz correspondant
Distribution des résultats
% des personnes avec chaque résultat
Percentile par nombre de réponses
Votre historique - résultats
Vous n’avez pas pris ce quiz